00442nam a2200109Ia 4500008004100000050002600041100003100067245010600098260008600204300002000290521002200310140724s9999 xx 000 0 und d aLC 4704.5b.P281 2011 aPascual, Maria Victoria M. aPlay theraphy on children with attention deficit hyperactivity disorder /cMaria Victoria M. Pascual. aLas Piñas, Philippines :bSouthville International School and Colleges,cc2011. a61 p. :c28 cm. aSpecial Education